000 00998nam a22003257a 4500
001 BR0400999
003 BR-BrBNA
005 20230928101518.0
007 ta
008 230509b bl.||||| |||| 00| 0 por d
040 _aBR-BrBNA
_bpor
_cBiblioteca Nacional de Agricultura
041 _a(Por)
072 _aQ03; L73
_b9410
_b4110
090 _ 9410 BR0400999
100 1 _aOliveira, R.M. de
110 1 _aUniversidade Federal de Lavras, MG (Brasil)
_0Tese (Doutorado)
245 1 _aAvaliação da microbiota e da diversidade genética de Staphylococcus aureus em leite de vacas mastíticas
260 3 _aLavras, MG (Brasil):
_c2003.
300 _a143 p.
500 _aSummaries (Eng, Por); Several bibliography; 7 illus.; 7 tables
650 _aLEITE
650 _aMASTITE
650 _aBACTÉRIA
650 _aMICROBIOLOGIA
650 _aQUALIDADE
650 _aCONTROLE DE QUALIDADE
650 _aVARIAÇÃO GENÉTICA
909 _a202309
_bLucia
_c55
_dLucia Elande
942 _cBK
999 _c66194
_d66194